000 00411cam a2200181ua 4500
001 8748
008 130823n ii |||gr||||Z||||||eng
020 _a978-81-259-3092-1
040 _aMAIN
041 _aEnglish
082 _bMAH
100 _aMaheshwari . S.N.
245 _aAdvanced Accountancy Vol- 11
250 _a3rd.
260 _aDelhi:
_bVlkas Publishing House.
300 _a3.322.
942 _cBK
999 _c8736
_d8736